|
|
|
|
| LEADER |
01137nam a2200313Ia 4500 |
| 001 |
9780203473726 |
| 003 |
FlBoTFG |
| 005 |
20080104103103.0 |
| 006 |
a|||||s||||||||||| |
| 007 |
cr|||| |
| 008 |
080104s1979 enk 001 0 eng d |
| 020 |
|
|
|a 9780203473726 (e-book : PDF)
|
| 040 |
|
|
|a FlBoTFG
|c FlBoTFG
|d GrThAP
|
| 043 |
|
|
|a e-uk---
|
| 090 |
|
|
|a KD1641
|b .A27 1979
|
| 100 |
1 |
|
|a Abrahamson, Max W.
|q (Max William)
|
| 245 |
1 |
0 |
|a Engineering law and the I.C.E. contracts /
|c Max W. Abrahamson.
|
| 250 |
|
|
|a 4th ed.
|
| 260 |
|
|
|a London :
|b E & FN Spon,
|c 1979.
|
| 300 |
|
|
|a xiii, 485 p. ;
|c 25 cm.
|
| 500 |
|
|
|a Includes index.
|
| 500 |
|
|
|a With a foreword by Sir William Harris.
|
| 530 |
|
|
|a Also available in print edition.
|
| 533 |
|
|
|a Electronic reproduction.
|b [London, Eng. :
|b Taylor and Francis,
|d 2010].
|n PDF file created from digital scan of print book.
|
| 610 |
2 |
0 |
|a Institution of Civil Engineers (Great Britain)
|
| 650 |
|
0 |
|a Civil engineering contracts
|z Great Britain.
|
| 655 |
|
7 |
|a Electronic books.
|2 lcsh
|
| 776 |
1 |
|
|z 0419160809
|
| 856 |
4 |
0 |
|u http://www.tandfebooks.com/isbn/9780203473726
|z Full Text via HEAL-Link
|